<?xml version="1.0" encoding="UTF-8"?>
<record
    xmlns:xsi="http://www.w3.org/2001/XMLSchema-instance"
    xsi:schemaLocation="http://www.loc.gov/MARC21/slim http://www.loc.gov/standards/marcxml/schema/MARC21slim.xsd"
    xmlns="http://www.loc.gov/MARC21/slim">

  <leader>00454nam a2200181Ia 4500</leader>
  <controlfield tag="008">230718s9999    xx            000 0 und d</controlfield>
  <datafield tag="020" ind1=" " ind2=" ">
    <subfield code="a">9788120340107</subfield>
  </datafield>
  <datafield tag="041" ind1=" " ind2=" ">
    <subfield code="a">eng</subfield>
  </datafield>
  <datafield tag="082" ind1=" " ind2=" ">
    <subfield code="a">629.8</subfield>
    <subfield code="b">OGA</subfield>
  </datafield>
  <datafield tag="100" ind1=" " ind2=" ">
    <subfield code="a">Ogata K.</subfield>
    <subfield code="9">134207</subfield>
  </datafield>
  <datafield tag="245" ind1=" " ind2=" ">
    <subfield code="a">Modern Control Engineering</subfield>
  </datafield>
  <datafield tag="250" ind1=" " ind2=" ">
    <subfield code="a">5th Ed.</subfield>
  </datafield>
  <datafield tag="260" ind1=" " ind2=" ">
    <subfield code="c">2010</subfield>
    <subfield code="b">PHI Learning Pub.</subfield>
  </datafield>
  <datafield tag="300" ind1=" " ind2=" ">
    <subfield code="a">894</subfield>
  </datafield>
  <datafield tag="365" ind1=" " ind2=" ">
    <subfield code="c">Rs.</subfield>
    <subfield code="b">525.00</subfield>
  </datafield>
  <datafield tag="700" ind1=" " ind2=" ">
    <subfield code="a">Ogata K.</subfield>
    <subfield code="9">134207</subfield>
  </datafield>
  <datafield tag="906" ind1=" " ind2=" ">
    <subfield code="d">B:358029-Apr-2011</subfield>
    <subfield code="c">INST</subfield>
    <subfield code="b">1575</subfield>
  </datafield>
  <datafield tag="999" ind1=" " ind2=" ">
    <subfield code="c">327795</subfield>
    <subfield code="d">327795</subfield>
  </datafield>
  <datafield tag="952" ind1=" " ind2=" ">
    <subfield code="0">0</subfield>
    <subfield code="1">0</subfield>
    <subfield code="4">0</subfield>
    <subfield code="7">0</subfield>
    <subfield code="a">CCEP</subfield>
    <subfield code="b">CCEP</subfield>
    <subfield code="d">2011-05-12</subfield>
    <subfield code="e">Om Book Stall</subfield>
    <subfield code="f">INST</subfield>
    <subfield code="g">393.75</subfield>
    <subfield code="i">3580</subfield>
    <subfield code="l">4</subfield>
    <subfield code="o">629.8</subfield>
    <subfield code="p">CCEP-BK-39002</subfield>
    <subfield code="r">2025-05-20 00:00:00</subfield>
    <subfield code="s">2025-05-08</subfield>
    <subfield code="t">1575</subfield>
    <subfield code="v">525.00</subfield>
    <subfield code="w">2011-04-29</subfield>
    <subfield code="y">BK</subfield>
    <subfield code="z">039002</subfield>
  </datafield>
</record>
